LEADER 01324nam 2200373 450 001 000007148 005 20050718104900.0 010 $a0-12-449960-0 100 $a20010129d1980----km-y0itay0103----ba 101 0 $aeng 102 $aUS 200 1 $aToxic constituents of plant foodstuffs$fedited by Irvin E. Liener 205 $a2.ed. 210 $aNew York [etc.]$cAcademic Press$d1980 215 $aXIV, 502 p.$cill.$d23 cm. 225 1 $aFood science and technology 606 $aChimica bromatologica$xStudi 606 $aAnalisi tossicologica 606 $aTossicologia 676 $a615.954$v(20. ed.)$9Veleni organici.Veleni e avvelenamento alimentari 702 1$aLiener,$bIrvin E. 912 $a000007148 996 $aToxic constituents of plant foodstuffs$976210 997 $aUNIBAS CAT $aTORRE$b20$c20010129$lBAS01$h1759 CAT $aTORRE$b20$c20010130$lBAS01$h1727 CAT $aTORRE$b20$c20020322$lBAS01$h1017 CAT $aTORRE$b20$c20020325$lBAS01$h1554 CAT $aTORRE$b20$c20020328$lBAS01$h1155 CAT $aTORRE$b20$c20020328$lBAS01$h1208 CAT $c20050601$lBAS01$h1754 CAT $abatch$b01$c20050718$lBAS01$h1049 FMT Z30 -1$lBAS01$LBAS01$mBOOK$1BASA2$APolo Tecnico-Scientifico$2DID$BDidattica$3PTS.s2.p14.2$623287$5A23287$820020325$f98$FConsultazione LEADER 01365nam--2200445---450- 001 990000670880203316 005 20110120170049.0 010 $a88-06-15639-X 035 $a0067088 035 $aUSA010067088 035 $a(ALEPH)000067088USA01 035 $a0067088 100 $a20011012d2000----km-y0itay50------ba 101 0 $aita 102 $aIT 105 $a||||||||001yy 200 1 $a<>ereditą del Novecento$eche cosa ci attende in un mondo che cambia$fValerio Castronovo 210 $aTorino$cEinaudi$dcopyr. 2000 215 $a457 p.$d20 cm 225 2 $a<> struzzi$v524 410 0$12001$a<> struzzi$v524 606 0 $aStoria moderna e contemporanea$zSec. 20. 606 0 $aSocietą$z1990-2000 676 $a909.829 700 1$aCASTRONOVO,$bValerio$010077 801 0$aIT$bsalbc$gISBD 912 $a990000670880203316 951 $aII.5. 2671(XV A 280)$b158019 L.M.$cXV A$d00073843 951 $aSANT.9$b740 DDPG$cSANT. 959 $aBK 969 $aUMA 969 $aDDPG 979 $aCHIARA$b40$c20011012$lUSA01$h1743 979 $c20020403$lUSA01$h1716 979 $aPATRY$b90$c20040406$lUSA01$h1646 979 $aCOPAT1$b90$c20050622$lUSA01$h1029 979 $aDDPG1$b90$c20070118$lUSA01$h1458 979 $aDSSP1$b90$c20110120$lUSA01$h1700 996 $aEreditą del Novecento$9699398 997 $aUNISA